<?xml version="1.0" encoding="UTF-8"?>
<record
    xmlns:xsi="http://www.w3.org/2001/XMLSchema-instance"
    xsi:schemaLocation="http://www.loc.gov/MARC21/slim http://www.loc.gov/standards/marcxml/schema/MARC21slim.xsd"
    xmlns="http://www.loc.gov/MARC21/slim">

  <leader>05209nam a2200565Ia 4500</leader>
  <controlfield tag="001">627</controlfield>
  <controlfield tag="008">241029s9999    xx            000 0 und d</controlfield>
  <datafield tag="010" ind1=" " ind2=" ">
    <subfield code="a">568</subfield>
  </datafield>
  <datafield tag="041" ind1=" " ind2=" ">
    <subfield code="a">Espa&#xF1;ol</subfield>
  </datafield>
  <datafield tag="082" ind1=" " ind2=" ">
    <subfield code="a">FCE UPG 008 2013</subfield>
  </datafield>
  <datafield tag="245" ind1=" " ind2="0">
    <subfield code="a">Estudio comparativo de los planes de estudio de inform&#xE1;tica de UTESA - Mao y UASD Centro - Mao y su influencia en el perfil de los egresados de la carrera de Inform&#xE1;tica, Mao, Valverde, Rep. Dom., A&#xF1;o 2008</subfield>
  </datafield>
  <datafield tag="260" ind1=" " ind2=" ">
    <subfield code="a">Valverde</subfield>
  </datafield>
  <datafield tag="300" ind1=" " ind2=" ">
    <subfield code="a">95</subfield>
  </datafield>
  <datafield tag="520" ind1=" " ind2=" ">
    <subfield code="a">36</subfield>
  </datafield>
  <datafield tag="630" ind1=" " ind2=" ">
    <subfield code="a">Egresados</subfield>
  </datafield>
  <datafield tag="630" ind1=" " ind2=" ">
    <subfield code="a">Perfil Profesional</subfield>
  </datafield>
  <datafield tag="630" ind1=" " ind2=" ">
    <subfield code="a">Recursos Tecnol&#xF3;gicos</subfield>
  </datafield>
  <datafield tag="630" ind1=" " ind2=" ">
    <subfield code="a">Tecnolog&#xED;a Educativa</subfield>
  </datafield>
  <datafield tag="650" ind1=" " ind2=" ">
    <subfield code="a">Tecnolog&#xED;a de la Informaci&#xF3;n y de la Comunicaci&#xF3;n (TICs)</subfield>
  </datafield>
  <datafield tag="690" ind1=" " ind2=" ">
    <subfield code="a">Sintetizado</subfield>
  </datafield>
  <datafield tag="700" ind1=" " ind2=" ">
    <subfield code="e">asesor</subfield>
    <subfield code="a">Bud&#xFA;en Serrano, In&#xE9;s de la Caridad</subfield>
  </datafield>
  <datafield tag="700" ind1=" " ind2=" ">
    <subfield code="e">autor</subfield>
    <subfield code="a">Ferm&#xED;n Silverio, Eduardo</subfield>
  </datafield>
  <datafield tag="700" ind1=" " ind2=" ">
    <subfield code="e">autor</subfield>
    <subfield code="a">Acosta Garc&#xED;a, Pedro Antonio</subfield>
  </datafield>
  <datafield tag="901" ind1=" " ind2=" ">
    <subfield code="a">{"1":"Ferm&#xED;n Silverio","2":"Acosta Garc&#xED;a"}</subfield>
    <subfield code="b">{"1":"Eduardo","2":"Pedro Antonio"}</subfield>
  </datafield>
  <datafield tag="902" ind1=" " ind2=" ">
    <subfield code="a">1</subfield>
  </datafield>
  <datafield tag="903" ind1=" " ind2=" ">
    <subfield code="a">{"1":"Bud&#xFA;en Serrano"}</subfield>
    <subfield code="b">{"1":"In&#xE9;s de la Caridad"}</subfield>
  </datafield>
  <datafield tag="904" ind1=" " ind2=" ">
    <subfield code="a">Maestr&#xED;a en</subfield>
  </datafield>
  <datafield tag="905" ind1=" " ind2=" ">
    <subfield code="a">Ense&#xF1;anza Superior</subfield>
  </datafield>
  <datafield tag="906" ind1=" " ind2=" ">
    <subfield code="a">2</subfield>
  </datafield>
  <datafield tag="907" ind1=" " ind2=" ">
    <subfield code="a">NO APLICA</subfield>
  </datafield>
  <datafield tag="908" ind1=" " ind2=" ">
    <subfield code="a">NO APLICA</subfield>
  </datafield>
  <datafield tag="909" ind1=" " ind2=" ">
    <subfield code="a">Universidad Aut&#xF3;noma de Santo Domingo (UASD)</subfield>
  </datafield>
  <datafield tag="910" ind1=" " ind2=" ">
    <subfield code="a">NULL</subfield>
    <subfield code="b">NULL</subfield>
  </datafield>
  <datafield tag="911" ind1=" " ind2=" ">
    <subfield code="a">["1"]</subfield>
  </datafield>
  <datafield tag="912" ind1=" " ind2=" ">
    <subfield code="a">NO APLICA</subfield>
  </datafield>
  <datafield tag="913" ind1=" " ind2=" ">
    <subfield code="a">NULL</subfield>
  </datafield>
  <datafield tag="914" ind1=" " ind2=" ">
    <subfield code="a">03 de Septiembre de 2012</subfield>
  </datafield>
  <datafield tag="915" ind1=" " ind2=" ">
    <subfield code="a">30/06/15 11:06</subfield>
  </datafield>
  <datafield tag="916" ind1=" " ind2=" ">
    <subfield code="a">NULL</subfield>
  </datafield>
  <datafield tag="917" ind1=" " ind2=" ">
    <subfield code="a">NULL</subfield>
  </datafield>
  <datafield tag="918" ind1=" " ind2=" ">
    <subfield code="a">NO APLICA</subfield>
  </datafield>
  <datafield tag="919" ind1=" " ind2=" ">
    <subfield code="a">["85","157","218","191"]</subfield>
  </datafield>
  <datafield tag="520" ind1=" " ind2=" ">
    <subfield code="a">Normal  0      21      false  false  false    ES  X-NONE  X-NONE                                       MicrosoftInternetExplorer4                                     Esta investigaci&#xF3;n se realiz&#xF3; con el prop&#xF3;sito fundamental de aportar datos actualizados sobre los curr&#xED;culos de inform&#xE1;tica y c&#xF3;mo influyen positiva o negativamente en el perfil de los estudiantes. El tipo de estudio realizado en esta investigaci&#xF3;n fue de car&#xE1;cter cuantitativo, porque se examinaron los datos de forma cient&#xED;fica y con ayuda de las herramientas de campo de la estad&#xED;stica; descriptivo, se analizaron y evaluaron diversos aspectos del problema y sus componentes&#xA0; y comparativo, porque se establecieron las semejanzas y diferencias entre los planes de estudio de ambas universidades en la carrera de inform&#xE1;tica. El dise&#xF1;o tuvo como base el an&#xE1;lisis, la recolecci&#xF3;n de datos y el estudio de campo; los m&#xE9;todos utilizados fueron la observaci&#xF3;n, inducci&#xF3;n y deducci&#xF3;n. Las t&#xE9;cnicas y procedimientos fueron la entrevista, el cuestionario y las fichas bibliogr&#xE1;ficas. Se entrevist&#xF3; a los directores de cada una de las universidades, as&#xED; como tambi&#xE9;n los encargados de registros.Se concluy&#xF3;&#xA0;que el 72% de las horas de las asignaturas de inform&#xE1;tica de Utesa-Mao son te&#xF3;ricas y s&#xF3;lo un 28% pr&#xE1;cticas y en el Centro Mao - UASD, el 56% te&#xF3;ricas y el 44% Pr&#xE1;cticas. En ambas universidades las horas pr&#xE1;cticas en la carrera de inform&#xE1;tica no son suficiente, pues el componente pr&#xE1;ctico influye en la formaci&#xF3;n del egresado. Acentu&#xE1;ndose en Utesa, pues la misma establece seg&#xFA;n su plan tiene nivel de Ingenier&#xED;a. El 100% de los docentes de la UASD- Centro Mao, no tienen nivel de Maestr&#xED;a ni post - grado, mientras que el 83% de los docentes de Utesa- Mao, tienen dicho nivel, seg&#xFA;n la investigaci&#xF3;n, se infiri&#xF3;&#xA0;&#xA0;incompetencia en la aplicaci&#xF3;n de los planes de estudios y el manejo de proceso ense&#xF1;anza - aprendizaje, sobre todo en los maestros de la UASD - Centro Mao, donde se acent&#xFA;&#xF3;&#xA0;el problema, perjudicando gravemente a sus egresados al no recibir docencia con estrategias y actividades que redunden en la formaci&#xF3;n de un perfil acorde a lo establecido en dicha casa de estudio. Las Universidades descritas utilizan en mayor proporci&#xF3;n los recursos did&#xE1;cticos tradicionales, tales como: pizarra,retroproyector, libros y casi ning&#xFA;n uso de recursos did&#xE1;cticos modernos como:Data show, Internet, videos; lo que influye de forma negativa en el proceso de ense&#xF1;anza - aprendizaje y por ende formaci&#xF3;n acad&#xE9;mica de los egresados.                                                                                                                                                                                                                                                                                    st1:*{behavior:url(#ieooui) } /* Style Definitions */ table.MsoNormalTable{mso-style-name:"Tabla normal";mso-tstyle-rowband-size:0;mso-tstyle-colband-size:0;mso-style-noshow:yes;mso-style-priority:99;mso-style-qformat:yes;mso-style-parent:";mso-padding-alt:0cm 5.4pt 0cm 5.4pt;mso-para-margin:0cm;mso-para-margin-bottom:.0001pt;mso-pagination:widow-orphan;font-size:11.0pt;font-family:"Calibri","sans-serif";mso-ascii-font-family:Calibri;mso-ascii-theme-font:minor-latin;mso-fareast-font-family:"Times New Roman";mso-fareast-theme-font:minor-fareast;mso-hansi-font-family:Calibri;mso-hansi-theme-font:minor-latin;mso-bidi-font-family:"Times New Roman";mso-bidi-theme-font:minor-bidi;}</subfield>
  </datafield>
  <datafield tag="921" ind1=" " ind2=" ">
    <subfield code="a">11</subfield>
  </datafield>
  <datafield tag="922" ind1=" " ind2=" ">
    <subfield code="a">11</subfield>
  </datafield>
  <datafield tag="923" ind1=" " ind2=" ">
    <subfield code="a">0</subfield>
  </datafield>
  <datafield tag="924" ind1=" " ind2=" ">
    <subfield code="a">NO APLICA</subfield>
  </datafield>
  <datafield tag="942" ind1=" " ind2=" ">
    <subfield code="c">Tesis</subfield>
  </datafield>
  <datafield tag="999" ind1=" " ind2=" ">
    <subfield code="c">568</subfield>
    <subfield code="d">568</subfield>
  </datafield>
</record>
